El sedimento urinario (Record no. 52386)
[ view plain ]
| 000 -LEADER | |
|---|---|
| campo de control de longitud fija | 00948nam a2200229 i 4500 |
| 001 - NÚMERO DE CONTROL | |
| campo de control | 52386 |
| 003 - IDENTIFICADOR DE NÚMERO DE CONTROL | |
| campo de control | ES-MaACL |
| 005 - FECHA Y HORA DE LA ÚLTIMA TRANSACCIÓN | |
| campo de control | 20250826151340.0 |
| 007 - CAMPO FIJO DE DESCRIPCIÓN FÍSICA--INFORMACIÓN GENERAL | |
| campo de control de longitud fija | t| |
| 008 - DATOS DE LONGITUD FIJA--INFORMACIÓN GENERAL | |
| campo de control de longitud fija | 030828s1957 sp ||||1| spa d |
| 100 1# - ENTRADA PRINCIPAL--NOMBRE DE PERSONA | |
| Nombre de persona | Daufí, Lluís. |
| 9 (RLIN) | 42811 |
| 245 13 - MENCIÓN DEL TÍTULO | |
| Título | El sedimento urinario |
| Resto del título | : Atlas microfotográfico en microscopia directa y de contraste de fase / |
| Mención de responsabilidad, etc. | Luis Daufí Moreso... Francisco Preto Albajés...; prólogo por... A. Fernández Cruz. |
| 260 ## - PUBLICACIÓN, DISTRIBUCIÓN, ETC. | |
| Lugar de publicación, distribución, etc. | Barcelona : |
| Nombre del editor, distribuidor, etc. | Ed. Científico-Médica, |
| Fecha de publicación, distribución, etc. | 1957 ( |
| Fabricante | Delriu) |
| 300 ## - DESCRIPCIÓN FÍSICA | |
| Extensión | 110 p., 41 lám. : |
| Otras características físicas | il. ; |
| Dimensiones | 24 cm. |
| 490 1# - MENCIÓN DE SERIE | |
| Mención de serie | Monografias de la Cátedra de Patología general de Barcelona |
| 650 04 - PUNTO DE ACCESO ADICIONAL DE MATERIA--TÉRMINO DE MATERIA | |
| Término de materia o nombre geográfico como elemento de entrada | Orina- |
| Subdivisión general | Análisis. |
| 9 (RLIN) | 15774 |
| 700 1# - ENTRADA AGREGADA--NOMBRE PERSONAL | |
| Nombre de persona | Preto Albajés, Francisco. |
| 9 (RLIN) | 93802 |
| 700 1# - ENTRADA AGREGADA--NOMBRE PERSONAL | |
| Nombre de persona | Fernández-Cruz, A., |
| Fechas asociadas al nombre | 1910-1981 |
| 9 (RLIN) | 49607 |
| 830 0# - PUNTO DE ACCESO ADICIONAL DE SERIE-TÍTULO UNIFORME | |
| Título uniforme | Monografias de la Cátedra de Patología general de Barcelona |
| 9 (RLIN) | 182389 |
| 852 ## - LOCALIZACIÓN | |
| Ubicación | ES-MaACL |
| Número de control de estantería | C-12545 |
| Sublocalización o colección | R.40708 |
| Estatus retirado | Estado de pérdida | Estado de daño | No para préstamo | Biblioteca de origen | Biblioteca actual | Ubicación en estantería | Fecha de adquisición | Fuente de adquisición | Total de préstamos | Signatura topográfica completa | Código de barras | Visto por última vez | Precio de reemplazo | Tipo de ítem Koha |
|---|---|---|---|---|---|---|---|---|---|---|---|---|---|---|
| Biblioteca del Ateneo de Madrid | Biblioteca del Ateneo de Madrid | Sala Palomar | 17/01/2008 | C-12545 | 1055067 | 23/02/2023 | 23/02/2023 | Libro impreso |
